[Event "CAN-ch U18"]
[Site "Ottawa"]
[Date "2007.07.05"]
[Round "5"]
[White "Balanaser, Morgan"]
[Black "Jia, Derek"]
[Result "0-1"]
[WhiteElo "1319"]
[BlackElo "2004"]
[PlyCount "106"]
[EventDate "2007.07.03"]
[EventType "swiss"]
[EventRounds "6"]
[EventCountry "CAN"]
[SourceTitle "EXT 2022"]
[Source "ChessBase"]
[SourceDate "2021.10.06"]
[SourceVersion "1"]
[SourceVersionDate "2021.10.06"]
[SourceQuality "1"]

1. d4 c5 2. d5 e6 3. e4 d6 4. c4 Nf6 5. Nc3 Be7 6. Nf3 0-0 7. Bd3 Re8 8. 0-0 e5 9. Bd2 Nbd7 10. a4 Nf8 11. Nb5 Ng6 12. b4 cxb4 13. Bxb4 Bg4 14. h3 Bxf3 15. Qxf3 a6 16. Nc3 Qc7 17. Qe3 Rac8 18. Rfc1 Nf4 19. Bf1 Nd7 20. Ne2 Ng6 21. a5 h6 22. Qa3 Nc5 23. Bxc5 Qxc5 24. Qxc5 Rxc5 25. Ng3 Rd8 26. Rcb1 Rd7 27. Ra4 Nf4 28. Rb3 g6 29. Ne2 Nh5 30. g4 Nf6 31. Nc1 Nxe4 32. Rd3 Rcc7 33. Nb3 Bd8 34. f3 Nc5 35. Nxc5 Rxc5 36. Rda3 Kg7 37. Kf2 f5 38. Kg3 Kf6 39. f4 exf4+ 40. Kxf4 g5+ 41. Kf3 Re7 42. Bd3 f4 43. Be4 Re5 44. Ra2 Re8 45. R2a3 Re5 46. Ra2 Re7 47. Ra1 Kf7 48. R1a2 Rec7 49. Bd3 Bf6 50. Re2 Re7 51. Rxe7+ Bxe7 52. Bf5 Kf6 53. Ke4 Bd8 0-1